[Event "Belgrade Spring op"]
[Site "Belgrade"]
[Date "2007.04.01"]
[Round "7"]
[White "Antonic, Dusan"]
[Black "Kerecki, Ljubisa"]
[Result "0-1"]
[WhiteElo "1994"]
[BlackElo "2119"]
[PlyCount "62"]
[EventDate "2007.03.26"]
[EventType "swiss"]
[EventRounds "9"]
[EventCountry "YUG"]
[SourceTitle "CBM 117 Extra"]
[Source "ChessBase"]
[SourceDate "2007.05.09"]
[SourceVersion "1"]
[SourceVersionDate "2007.05.09"]
[SourceQuality "1"]

1. d4 Nf6 2. c4 c6 3. Nc3 d5 4. cxd5 cxd5 5. Bg5 e6 6. e3 Be7 7. Bd3 0-0 8. f4 b6 9. g4 Ba6 10. Bxf6 Bxf6 11. g5 Bxg5 12. fxg5 Qxg5 13. Kd2 Bxd3 14. Kxd3 e5 15. Qa4 exd4 16. exd4 Qg6+ 17. Kd2 Nc6 18. Nge2 Rfe8 19. Rag1 Qf6 20. Rg3 Re6 21. Rhg1 g6 22. Nxd5 Qf2 23. Re3 Rxe3 24. Nxe3 b5 25. Qa3 Nxd4 26. Rg2 Nf3+ 27. Kc2 Rc8+ 28. Kd3 Ne1+ 29. Kd2 Nxg2 30. Nxg2 Rd8+ 31. Kc3 Qxe2 0-1

[Event "Belgrade Spring op"]
[Site "Belgrade"]
[Date "2007.03.29"]
[Round "4"]
[White "Andrijevic, Milan"]
[Black "Antonic, Dusan"]
[Result "1-0"]
[WhiteElo "2347"]
[BlackElo "1994"]
[PlyCount "47"]
[EventDate "2007.03.26"]
[EventType "swiss"]
[EventRounds "9"]
[EventCountry "YUG"]
[SourceTitle "CBM 117 Extra"]
[Source "ChessBase"]
[SourceDate "2007.05.09"]
[SourceVersion "1"]
[SourceVersionDate "2007.05.09"]
[SourceQuality "1"]

1. e4 c5 2. Nf3 d6 3. d4 cxd4 4. Nxd4 Nf6 5. Nc3 g6 6. Be2 Bg7 7. Be3 Bd7 8. f4 Nc6 9. Nb3 a6 10. 0-0 b5 11. Nd5 Rb8 12. Bf3 h5 13. h3 0-0 14. Qd2 Ne8 15. Rad1 Bxb2 16. c3 Ba3 17. f5 Ng7 18. Bh6 Kh7 19. Bxh5 gxh5 20. Bxg7 Kxg7 21. Qg5+ Kh7 22. Qxh5+ Kg8 23. Qg5+ Kh7 24. Rf4 1-0

[Event "Belgrade Winter op"]
[Site "Belgrade"]
[Date "2007.02.01"]
[Round "9"]
[White "Antonic, Dusan"]
[Black "Vukovic, Ljubomir"]
[Result "0-1"]
[WhiteElo "1994"]
[BlackElo "1927"]
[PlyCount "103"]
[EventDate "2007.01.24"]
[EventType "swiss"]
[EventRounds "9"]
[EventCountry "YUG"]
[SourceTitle "EXT 2010"]
[Source "ChessBase"]
[SourceDate "2010.11.25"]
[SourceVersion "1"]
[SourceVersionDate "2010.11.25"]
[SourceQuality "1"]

1. d4 Nf6 2. c4 e5 3. d5 d6 4. Nc3 e4 5. Bg5 Bf5 6. e3 Be7 7. Qc2 Nbd7 8. f4 h6 9. Bxf6 Nxf6 10. h3 Nh5 11. Nge2 Bh4+ 12. Kd2 Ng3 13. Nxg3 Bxg3 14. Ne2 Qh4 15. Qa4+ Bd7 16. Qb3 b6 17. Qc3 f6 18. Qd4 Bf5 19. Nc3 0-0 20. Kc2 Bxf4 21. Nb5 Be5 22. Qd2 Rf7 23. Be2 Bd7 24. g4 c6 25. dxc6 Bxc6 26. Nd4 Bd7 27. Raf1 Rc8 28. Kb1 a6 29. Nf5 Qg5 30. h4 Qg6 31. Rhg1 Be6 32. b3 Rd7 33. Qb4 Rb8 34. c5 dxc5 35. Qxe4 Qf7 36. Qc2 Rbd8 37. Rd1 b5 38. Bf3 c4 39. b4 a5 40. Bc6 Rd3 41. Bxb5 Qb7 42. Rxd3 Rxd3 43. Qa4 axb4 44. Bc6 Qb8 45. Rd1 b3 46. Kc1 Rxd1+ 47. Kxd1 b2 48. Be4 b1Q+ 49. Bxb1 Qxb1+ 50. Ke2 Qd3+ 51. Ke1 Bxf5 52. gxf5 0-1

[Event "Belgrade Winter op"]
[Site "Belgrade"]
[Date "2007.01.31"]
[Round "8"]
[White "Jovanovic, Miroslav"]
[Black "Antonic, Dusan"]
[Result "1-0"]
[WhiteElo "2089"]
[BlackElo "1994"]
[PlyCount "82"]
[EventDate "2007.01.24"]
[EventType "swiss"]
[EventRounds "9"]
[EventCountry "YUG"]
[SourceTitle "EXT 2010"]
[Source "ChessBase"]
[SourceDate "2010.11.25"]
[SourceVersion "1"]
[SourceVersionDate "2010.11.25"]
[SourceQuality "1"]

1. e4 c5 2. Nf3 d6 3. d4 cxd4 4. Nxd4 Nf6 5. Nc3 g6 6. f4 Nbd7 7. Bc4 a6 8. 0-0 b5 9. Bb3 Bb7 10. Nf3 Qb6+ 11. Kh1 Nxe4 12. Nxe4 Bxe4 13. Bxf7+ Kxf7 14. Ng5+ Ke8 15. Nxe4 Qc6 16. Re1 e5 17. fxe5 dxe5 18. Bg5 Be7 19. c3 Rf8 20. Qg4 h5 21. Qg3 Rf5 22. Bxe7 Kxe7 23. Rad1 Raf8 24. Qd3 h4 25. h3 Rf4 26. b3 Rc8 27. Nd6 Rg8 28. Qe3 g5 29. c4 Rg6 30. cxb5 axb5 31. Ne4 Kf8 32. Qd3 Rf7 33. Rc1 Qb6 34. Rf1 Nf6 35. Nd6 e4 36. Qxe4 Kg7 37. Qe5 Rd7 38. Rxf6 Rxf6 39. Ne8+ Kf7 40. Nxf6 Qxf6 41. Qxb5 Rd4 1-0